000 00251nam a2200109Ia 4500
008 220120s9999||||xx |||||||||||||| ||und||
082 _a624 BHA
100 _aBhavikatti, B.S
245 0 _aElements of civil engineering
260 _c2007
300 _b0
999 _c136290
_d136290